书目信息 |
| 题名: |
哪吒
|
|
| 作者: | 周楞伽 著 | |
| 分册: | 上 | |
| 出版信息: | 北京 少年儿童出版社 1982.9 |
|
| 页数: | 236页 | |
| 开本: | 20cm | |
| 丛书名: | ||
| 单 册: | ||
| 中图分类: | I277.5 | |
| 科图分类: | ||
| 主题词: | 民间文学--中国 | |
| 电子资源: | ||
| ISBN: | ||
| 000 | 00531nam0 2200205 45 | |
| 001 | 0312221749 | |
| 005 | 20040413145253.9 | |
| 010 | @dCNY0.56 | |
| 091 | @aR10024.4002 | |
| 100 | @a20031222d1982 km y0chiy0120 ea | |
| 101 | @achi | |
| 105 | @a z 000yy | |
| 200 | 1 | @a哪吒@h上@ANa Zha@f周楞伽著@FZhou Leng Jia Zhu |
| 210 | @a北京@c少年儿童出版社@d1982.9 | |
| 215 | @a236页@d20cm | |
| 606 | 0 | @a民间文学@x中国 |
| 690 | @aI277.5@v3 | |
| 701 | 0 | @a周楞伽@4著 |
| 801 | @aCN@bTSTCL@c20031222 | |
| 905 | @dI277.5@e31:1@f3@b76517-519 | |
| 哪吒.上/周楞伽著.-北京:少年儿童出版社,1982.9 |
| 236页;20cm |
| ISBN :CNY0.56 |
| ● |
| 相关链接 |
|
|
|
|
正题名:哪吒
索取号:I277.5/31:1
 
预约/预借
| 序号 | 登录号 | 条形码 | 馆藏地/架位号 | 状态 | 备注 |
| 1 | 0076517 | 000039265 | 第二借阅区/ [索取号:I277.5/31:1] | 在馆 | |
| 2 | 0076518 | 000039309 | 第二借阅区/ [索取号:I277.5/31:1] | 在馆 | |
| 3 | 0076519 | 000039292 | 第二借阅区/ [索取号:I277.5/31:1] | 在馆 | |
| 4 | 0076520 | 000039256 | 第一样本阅览室/ [索取号:I277.5/31:1] | 在馆 |